000 00647nam a22002057a 4500
001 113397
003 DR-UNIBE
005 20250331105722.0
008 250331b2006 cl ||||| |||| 00| 0 spa d
040 _aBIBLIOTECA UNIBE
_cBIBLIOTECA UNIBE
_erda
041 _aspa
082 _a347.014 C748j
111 _aConferencia Iberoamericana de Justicia Constitucional (5ª : 2006 : Sevilla )
_9193634
245 1 3 _aEl juez constitucional
260 _aSantiago de Chile :
_bAgencia Española de Cooperación Internacional,
_c2006
300 _a283 páginas
650 7 _2lemb
_aDerecho constitucional
650 7 _2lemb
_aJueces
942 _2ddc
_cBK
999 _c113397
_d113397